Responses for show #7584 - Thursday, July 27, 2017

Justin Vossler game 6.

Contestants

Shadi Peterman, a high school history teacher from St. Louis, Missouri

Ryan Kious, a social media and web writer from Albuquerque, New Mexico

Justin Vossler, a high school history teacher from Homer, New York (whose 5-day cash winnings total $110,000)

Jeopardy! Round responses

STATE FLAGS
PENNANTS
THE JOLLY ROGER
THE "STAR"S & "STRIPE"S
TRY COLOR
THE UNION, JACK
    $200 1
the North Star

Justin
    $200 6
the Mets

Ryan
    $200 11
(Roger) Williams

Ryan
    $200 12
starboard

Justin
    $200 23
(Shadi: What is evening blue--or [*]?)

midnight blue

Shadi
    $200 14
disease

Justin
    $400 2
Texas

Ryan
    $400 7
(Shadi: Who are the Yankees?)
...
(Alex: National League.)

the Giants

RyanShadi
    $400 13
(Roger) Bannister

Ryan
    $400 19
(Alex: Now's the time for the Yankees.)

pinstripes

Shadi
    $400 24
Violet

Ryan
    $400 15
(Ryan: Who is Burnsides?)
(Alex: Did you put an "S" on the end of it?)
(Ryan: I did, I thought.)
(Alex: Oh, well. That's incorrect.)

Burnside

Ryan
Triple Stumper
    $600 3
a torch

Ryan
    $600 8
Sandy Koufax

Ryan
    $600 25
Roger Ebert

Justin
    $600 20
star-crossed

Justin
    $600 26
henna

Ryan
    $600 16
Mobile Bay

Ryan
    $800 4
Portsmouth

Justin
    $800 9
Rickey Henderson

Ryan
    $1,600 27
(Ryan: What is the Bill of Rights?)

the Articles of Confederation

Ryan
    $800 21
kickstart

Justin
    $800 29
orange and green

Shadi
    $800 17
Pinkerton

Ryan
    $1000 5
Washington

Justin
    $1000 10
(David) Ortiz

Justin
    $1000 28
the Virginia reel

Triple Stumper
    $1000 22
a candy striper

Shadi
    $1000 30
rose gold

Shadi
    $1000 18
(George) Meade

Justin

Scores at the first commercial break (after clue 15):

Justin Ryan Shadi
$3,400 $3,200 -$400

Scores at the end of the Jeopardy! Round:

Justin Ryan Shadi
$6,400 $4,000 $3,000

Double Jeopardy! Round responses

THE LITERARY DR. PHIL SHOW
(Alex: You have to identify the character who Dr. Phil is talking to.)
14-LETTER WORDS
BOTANY
THE BRIDGE & TUNNEL CROWD
ROCK & ROLL HALL OF FAMERS BY HIT
LET'S ALL GO TO THE LIBRARY
    $400 21
(Ryan: Who is, uh... who is...?)

Oedipus

RyanShadi
    $400 16
cardiovascular

Justin
    $400 11
leaves

Ryan
    $400 26
the Chunnel

Ryan
    $400 4
R.E.M.

Shadi
    $400 1
(Ryan: Who is Franklin?)

(Thomas) Jefferson

JustinRyan
    $800 22
Portnoy

Ryan
    $800 17
postproduction

Ryan
    $800 12
Mendel

Justin
    $800 27
Andy Warhol

Ryan
    $800 5
The Pretenders

Ryan
    $800 2
Chaucer

Ryan
    $1200 23
Frankenstein

Shadi
    $1200 18
overpopulation

Triple Stumper
    $1,200 13
(Justin: What is ground ivy?)

the mayflower

Justin
    $1200 28
the Pacific Coast Highway

Shadi
    $1200 6
the Talking Heads

Ryan
    $1200 3
Chicago

Triple Stumper
    $1600 24
Gregor Samsa

Ryan
    $1600 19
phantasmagoria

Triple Stumper
    $1600 14
pectin

Justin
    $1600 29
Marco Polo

Shadi
    $1600 7
Creedence Clearwater

Ryan
    $1600 9
Folger

Justin
    $2000 25
Raskolnikov

Triple Stumper
    $2000 20
superficiality

Shadi
    $2000 15
(Ryan: What is cholla?)
(Shadi: What is argon?)

jojoba

RyanShadi
Triple Stumper
    $2,000 30
Holland

Shadi
    $2000 8
The Lovin' Spoonful

Triple Stumper
    $2000 10
the Bodleian Library

Triple Stumper

Scores at the end of the Double Jeopardy! Round:

Justin Ryan Shadi
$10,000 $10,400 $9,800

[wagering suggestions for these scores]

Final Jeopardy! Round responses

THE OSCARS
(Alex: [To Shadi] He played Lincoln, but not another president.)
...
(Alex: [To Ryan] Played Nixon and John Quincy Adams in the film Amistad.)
ShadiWho is Daniel Day Lewis?
$3,000
JustinWho is Daniel Day-Lewis.
$4,000
RyanWho Day Lewis
$9,601
Anthony Hopkins

Final scores:

Justin Ryan Shadi
$6,000 $799 $6,800
2nd place: $2,000 3rd place: $1,000 New champion: $6,800

Game dynamics:

Coryat scores:

Justin Ryan Shadi
$11,200 $12,000 $9,800
15 R,
1 W
(including 1 DD)
22 R,
5 W
(including 1 DD)
12 R
(including 1 DD),
2 W

Combined Coryat: $33,000

The J! Archive is created by fans, for fans. The Jeopardy! game show and all elements thereof, including but not limited to copyright and trademark thereto, are the property of Jeopardy Productions, Inc. and are protected under law. This website is not affiliated with, sponsored by, or operated by Jeopardy Productions, Inc. Join the discussion at JBoard.tv.